[Event "Mistrzostwa Woj. Podkarpackiego w szachach na 2017 r."]
[Site "Sedziszow Malopolski, Rzeszow"]
[Date "1899-12-30"]
[Round "1.1"]
[White "Marszalek, Maciej"]
[Black "Nowakowski, Jacek"]
[Result "1-0"]
[WhiteTitle "m"]
[BlackTitle "II+"]
[WhiteElo "2296"]
[BlackElo "1623"]

1. d4 c6 2. c4 d6 3. Nf3 g6 4. Nc3 Bg7 5. g3 Nd7 6. Bg2 Qc7 7. O-O Ngf6 8. e4 O-O
9. Re1 e5 10. h3 Re8 11. Rb1 Nf8 12. d5 Bd7 13. Be3 a6 14. dxc6 Bxc6 15. Qd3 Ne6
16. b4 b5 17. Nd5 Qb7 18. Nd2 Rad8 19. cxb5 Bxb5 20. Qb3 Nxd5 21. exd5 Nd4 22.
Bxd4 exd4 23. a4 Bd7 24. Nc4 Qb8 25. Rxe8+ Rxe8 26. b5 axb5 27. axb5 Bf5 28. Rc1
Bh6 29. Rd1 Bg7 30. g4 Be4 31. Bxe4 Rxe4 32. b6 Be5 33. b7 Bf4 34. Na5 Re7 35.
Rxd4 Re1+ 36. Kg2 Be5 37. Nc6 1-0

[Event "Mistrzostwa Woj. Podkarpackiego w szachach na 2017 r."]
[Site "Sedziszow Malopolski, Rzeszow"]
[Date "1899-12-30"]
[Round "1.2"]
[White "Lach, Mateusz"]
[Black "Pulik, Krzysztof"]
[Result "0-1"]
[WhiteTitle "II+"]
[BlackTitle "k"]
[WhiteElo "1560"]
[BlackElo "2149"]

1. d4 d5 2. c4 e6 3. e3 c5 4. Nf3 Nf6 5. Nc3 a6 6. dxc5 Bxc5 7. cxd5 exd5 8. Be2
O-O 9. O-O Nc6 10. a3 Re8 11. b4 Ba7 12. b5 axb5 13. Nxb5 Bb8 14. Bb2 Ne4 15.
Qb3 Be6 16. Nbd4 Na5 17. Qc2 Bd6 18. Bb5 Re7 19. a4 Rc8 20. Qe2 Nc4 21. Rac1 Nxb2
22. Qxb2 Rec7 23. Nb3 Nc3 24. Nbd4 Qe7 25. Rc2 g6 26. Ra1 Bb4 27. Bd3 Ba5 28.
Rac1 Bd7 29. Bb5 Nxa4 30. Qa2 Bxb5 31. Nxb5 Rxc2 32. Rxc2 Rxc2 33. Qxc2 Qc5 34.
Qxc5 Nxc5 35. Nfd4 Kf8 36. Kf1 Ne6 37. Ke2 Nxd4+ 38. Nxd4 Ke7 39. Kd3 Kd6 40.
Nb3 Be1 41. f3 b5 42. Ke2 Bc3 43. Kd3 Bf6 44. e4 Be5 45. h3 Kc6 46. g4 dxe4+ 47.
Kxe4 Bf6 48. f4 Kd6 49. g5 Bb2 50. f5 gxf5+ 51. Kxf5 Kd5 52. h4 Bc3 53. h5 Kc4
54. Nc1 b4 55. Ke4 Bd2 56. Ke5 0-1

[Event "Mistrzostwa Woj. Podkarpackiego w szachach na 2017 r."]
[Site "Sedziszow Malopolski, Rzeszow"]
[Date "1899-12-30"]
[Round "1.3"]
[White "Kasperek, Ryszard"]
[Black "Wasik, Roman"]
[Result "1-0"]
[WhiteTitle "m"]
[BlackTitle "II+"]
[WhiteElo "2120"]
[BlackElo "1536"]

1. e4 c5 2. Nf3 Nc6 3. d4 cxd4 4. Nxd4 Nf6 5. Nc3 g6 6. Be2 Bg7 7. Nb3 O-O 8. f4
d6 9. g4 a5 10. a4 Be6 11. Be3 Bxb3 12. cxb3 Nb4 13. O-O Rc8 14. Bc4 Qd7 15. f5
gxf5 16. gxf5 Kh8 17. Rf2 Nc6 18. Rg2 Ne5 19. Bb5 Qd8 20. Kh1 Rg8 21. Be2 Qf8
22. Qd2 Nfd7 23. Rag1 f6 24. Bh6 Nf7 25. Bxg7+ Rxg7 26. Rxg7 Ng5 27. R7xg5 fxg5
28. Qxg5 Nc5 29. Bc4 Nd7 30. Nd5 Ne5 31. Qxe7 Qh6 32. Qe6 Qxe6 33. fxe6 1-0

[Event "Mistrzostwa Woj. Podkarpackiego w szachach na 2017 r."]
[Site "Sedziszow Malopolski, Rzeszow"]
[Date "1899-12-30"]
[Round "1.4"]
[White "Gluch, Pawel"]
[Black "Lach, Tomasz"]
[Result "0-1"]
[WhiteTitle "II+"]
[BlackTitle "I"]
[WhiteElo "1487"]
[BlackElo "1777"]

1. c4 c6 2. d4 d5 3. cxd5 cxd5 4. Nc3 Nf6 5. Nf3 Nc6 6. g3 a6 7. Bg2 Bf5 8. Ne5
e6 9. Nxc6 bxc6 10. Na4 Be7 11. O-O O-O 12. f3 Nd7 13. e4 Bg6 14. Be3 Nb6 15.
Nxb6 Qxb6 16. Qc2 Rfc8 17. Rfd1 Bf6 18. Qf2 Rab8 19. Rd2 Qa5 20. a3 Be7 21. Rc1
Rb3 22. exd5 Qxd5 23. f4 Be4 24. Bxe4 Qxe4 25. Re1 Rcb8 26. f5 Qg4 27. fxe6 fxe6
28. Qe2 Qxe2 29. Rexe2 Bf6 30. Bf4 Re8 31. Be5 Kf7 32. Rc2 Rc8 33. Rc4 a5 34.
Bxf6 gxf6 35. Rec2 Rcb8 36. Rxc6 Rxb2 37. Rxb2 Rxb2 38. Rc5 Rd2 39. Rxa5 Rxd4
40. Ra7+ Kg6 41. a4 Rd2 42. a5 Ra2 43. a6 e5 44. Ra8 Kf5 45. a7 Ke4 46. Rf8 Rxa7
47. Rxf6 Ke3 48. Rf1 e4 49. Re1+ Kf3 50. Rf1+ Ke2 51. Rb1 e3 52. Rb2+ Kf3 53.
Rb1 Ra2 54. Rf1+ Ke2 55. Kg2 Kd2 56. Rf7 Kd1+ 57. Kf3 Rf2+ 0-1

[Event "Mistrzostwa Woj. Podkarpackiego w szachach na 2017 r."]
[Site "Sedziszow Malopolski, Rzeszow"]
[Date "1899-12-30"]
[Round "1.5"]
[White "Wozniak, Grzegorz"]
[Black "Kielb, Miroslaw"]
[Result "0-1"]
[WhiteTitle "I"]
[BlackTitle "II"]
[WhiteElo "1753"]
[BlackElo "1321"]

1. d4 d5 2. Nf3 Nf6 3. e3 e6 4. Bd3 Bd6 5. Nbd2 Nbd7 6. O-O O-O 7. c3 e5 8. e4
dxe4 9. Nxe4 Nxe4 10. Bxe4 exd4 11. Qxd4 Nf6 12. Bg5 Be7 13. Bxf6 Bxf6 14. Qxd8
Rxd8 15. h3 c6 16. Rac1 Be6 17. b3 Bd5 18. Bxd5 Rxd5 19. c4 Rd3 20. Rfd1 Rad8
21. Rxd3 Rxd3 22. Kf1 Kf8 23. Ke2 Rc3 24. Rxc3 Bxc3 25. Kd3 Bf6 26. c5 Ke7 27.
b4 b6 28. cxb6 axb6 29. a4 Kd6 30. Kc4 g5 31. Nd2 Bd8 32. Nb3 f5 33. a5 b5+ 34.
Kd4 Bf6+ 35. Kd3 Bd8 36. Nc5 Kd5 37. Nd7 Kd6 38. a6 Kc7 39. Nf8 Kb6 40. Ne6 Be7
41. Nd4 Bf8 42. a7 Kxa7 43. Nxc6+ Kb6 44. Nd4 Bxb4 45. Nxf5 Bc5 46. f3 Ka5 47.
Kc3 Ka4 48. Kb2 Kb4 49. h4 gxh4 50. Nxh4 Bd4+ 51. Kc2 Ka3 52. Nf5 Be5 53. Kb1
Kb3 54. g3 Kc3 55. f4 Bc7 56. Ne7 Kd4 57. Kc2 Ke4 58. Nd5 Kxd5 0-1

[Event "Mistrzostwa Woj. Podkarpackiego w szachach na 2017 r."]
[Site "Sedziszow Malopolski, Rzeszow"]
[Date "1899-12-30"]
[Round "2.1"]
[White "Soja, Adam"]
[Black "Marszalek, Maciej"]
[Result "0-1"]
[WhiteTitle "II+"]
[BlackTitle "m"]
[WhiteElo "1694"]
[BlackElo "2296"]

1. d4 Nf6 2. Nf3 g6 3. c4 Bg7 4. Nc3 O-O 5. e4 d6 6. Be2 Nbd7 7. O-O e5 8. Re1
exd4 9. Nxd4 Nc5 10. f3 a5 11. Be3 Re8 12. Qd2 Bd7 13. Rad1 b6 14. Bf2 h6 15.
Nc2 Bc6 16. Ne3 Kh7 17. Qc2 Nfd7 18. Ned5 Ne6 19. g3 Bb7 20. Bf1 c6 21. Nf4 Ne5
22. Kg2 Qf6 23. Be2 Nc5 24. Bd4 Qe7 25. h4 Qc7 26. Nh3 Bc8 27. Nf2 Ba6 28. b3
Ne6 29. Be3 c5 30. Nd5 Qd8 31. f4 Nc6 32. Qd3 Ned4 33. h5 Nb4 34. hxg6+ fxg6 35.
Qd2 Ra7 36. Rh1 Nxd5 37. exd5 Nf5 38. Ng4 Nxe3+ 39. Nxe3 Rae7 40. f5 Rxe3 41.
fxg6+ Kh8 42. Bf3 Qf6 43. Rdf1 Qxg6 44. Rh3 Bc8 45. Rh4 0-1

[Event "Mistrzostwa Woj. Podkarpackiego w szachach na 2017 r."]
[Site "Sedziszow Malopolski, Rzeszow"]
[Date "1899-12-30"]
[Round "2.2"]
[White "Pulik, Krzysztof"]
[Black "Skiba, Krzysztof"]
[Result "1-0"]
[WhiteTitle "k"]
[BlackTitle "I"]
[WhiteElo "2149"]
[BlackElo "1728"]

1. e4 e6 2. d4 d5 3. exd5 exd5 4. c4 c6 5. Nf3 Nf6 6. Bd3 Bb4+ 7. Nbd2 O-O 8. O-O
Bg4 9. c5 Bxd2 10. Bxd2 Ne4 11. Bf4 Nd7 12. Qc1 Re8 13. Ne5 Nxe5 14. Bxe5 f6 15.
Bf4 Ng5 16. Qc2 h6 17. f3 Bh5 18. Qf2 Ne6 19. Bd2 Qc7 20. g4 Bf7 21. f4 Qd7 22.
h4 Nxd4 23. f5 Nb5 24. a4 Nc7 25. Qd4 Re7 26. Rf2 Rae8 27. Rg2 Re4 28. Bxe4 Rxe4
29. Qf2 d4 30. Re1 Bd5 31. Rg3 Qe7 32. b4 Bc4 33. g5 hxg5 34. hxg5 fxg5 35. Rxe4
Qxe4 36. Rxg5 Bd5 37. Qg3 Qh1+ 38. Kf2 Ne8 39. Qd3 Qh2+ 40. Kf1 Qe5 41. Rg4 Nf6
42. Rxd4 Qh2 43. Bf4 Qg2+ 44. Ke1 Ne4 45. Qe3 Qh1+ 46. Ke2 Qg2+ 47. Kd1 Qg4+ 48.
Kc1 Qxf5 49. Kb2 Kf7 50. Rd1 Qf6+ 51. Ka3 a6 52. Bh2 g5 53. Qh3 Qc3+ 54. Qxc3
Nxc3 55. Rd3 Ne4 56. Rf3+ Ke6 57. Rf8 a5 58. Rb8 Nd2 59. bxa5 Nf1 60. Bg1 Ba2
61. Kxa2 1-0

[Event "Mistrzostwa Woj. Podkarpackiego w szachach na 2017 r."]
[Site "Sedziszow Malopolski, Rzeszow"]
[Date "1899-12-30"]
[Round "2.3"]
[White "Kielb, Miroslaw"]
[Black "Kasperek, Ryszard"]
[Result "0-1"]
[WhiteTitle "II"]
[BlackTitle "m"]
[WhiteElo "1321"]
[BlackElo "2120"]

1. e4 c5 2. Nf3 Nc6 3. d4 cxd4 4. Nxd4 g6 5. Bc4 Bg7 6. c3 Nf6 7. Nxc6 bxc6 8.
e5 Nd5 9. Bxd5 cxd5 10. Qxd5 Ba6 11. Be3 O-O 12. c4 Qc7 13. Qc5 Qxc5 14. Bxc5
Bxe5 15. Nc3 Rfc8 16. Be3 Bxc4 17. Bd2 Rab8 18. f4 Bd4 19. Bc1 d6 20. Kd2 e5 21.
fxe5 dxe5 22. Re1 f5 23. Kc2 e4 24. Be3 Bd3+ 25. Kc1 Rxc3+ 26. bxc3 Bxc3 27. Bxa7
Rb7 28. Bf2 Bxa1 29. Kd2 Be5 30. g3 Rb2+ 31. Ke3 g5 32. h4 f4+ 33. gxf4 gxf4#
0-1

[Event "Mistrzostwa Woj. Podkarpackiego w szachach na 2017 r."]
[Site "Sedziszow Malopolski, Rzeszow"]
[Date "1899-12-30"]
[Round "2.4"]
[White "Lach, Tomasz"]
[Black "Oklejewicz, Krzysztof"]
[Result "1-0"]
[WhiteTitle "I"]
[BlackTitle "I"]
[WhiteElo "1777"]
[BlackElo "1662"]

1. d4 f5 2. Nf3 Nf6 3. Bg5 g6 4. e3 Bg7 5. Nbd2 d6 6. Bc4 d5 7. Bd3 Be6 8. Ne5
Nbd7 9. Ndf3 Ne4 10. Bf4 c6 11. Nxd7 Qxd7 12. Be5 Nf6 13. c3 O-O 14. O-O h6 15.
h3 Qe8 16. Bh2 Ne4 17. Be5 Bf6 18. Rc1 b5 19. Bxf6 exf6 20. Bxe4 fxe4 21. Nd2
f5 22. f3 g5 23. Qe1 Qg6 24. Qg3 f4 25. exf4 e3 26. Nb3 Rxf4 27. Rfe1 Bd7 28.
Rxe3 Re8 29. Qe1 Rxe3 30. Qxe3 Qe8 31. Qxe8+ Bxe8 32. Re1 Kf7 33. Nc5 Rf6 34.
Nd3 Re6 35. Rxe6 Kxe6 36. Ne5 h5 37. g3 a5 38. Kf2 c5 39. Ke3 c4 40. a3 a4 41.
g4 hxg4 42. hxg4 Ke7 43. f4 Kf6 1-0

[Event "Mistrzostwa Woj. Podkarpackiego w szachach na 2017 r."]
[Site "Sedziszow Malopolski, Rzeszow"]
[Date "1899-12-30"]
[Round "3.1"]
[White "Marszalek, Maciej"]
[Black "Lach, Tomasz"]
[Result "1-0"]
[WhiteTitle "m"]
[BlackTitle "I"]
[WhiteElo "2296"]
[BlackElo "1777"]

1. d4 d5 2. c4 c6 3. Nf3 Nf6 4. Nc3 a6 5. e3 b5 6. b3 Bg4 7. Be2 e6 8. O-O Nbd7
9. Bb2 Bb4 10. a3 Ba5 11. h3 Bh5 12. Rc1 Rc8 13. Nd2 Bg6 14. Bf3 O-O 15. Re1 Re8
16. cxd5 cxd5 17. b4 Bc7 18. a4 Bd6 19. axb5 axb5 20. Qb3 Bd3 21. Nxd5 exd5 22.
Qxd3 Bxb4 23. Rxc8 Qxc8 24. Rc1 Qb7 25. Nb3 Ne4 26. Qc2 Nb6 27. Nc5 Nxc5 28. dxc5
Nc4 29. Bd4 Qc6 30. Qf5 Rd8 31. Bxg7 Qg6 32. Qxg6 hxg6 33. Bf6 Rc8 34. Rb1 Bxc5
35. Rxb5 Nd6 36. Rb1 Ne4 37. Bxe4 dxe4 38. Rc1 Rc7 39. Be5 Bd6 40. Rxc7 Bxe5 41.
Re7 f6 42. g4 Kf8 43. Rb7 Bd6 44. Kg2 g5 45. Ra7 1-0

[Event "Mistrzostwa Woj. Podkarpackiego w szachach na 2017 r."]
[Site "Sedziszow Malopolski, Rzeszow"]
[Date "1899-12-30"]
[Round "3.2"]
[White "Kasperek, Ryszard"]
[Black "Pulik, Krzysztof"]
[Result "1-0"]
[WhiteTitle "m"]
[BlackTitle "k"]
[WhiteElo "2120"]
[BlackElo "2149"]

1. e4 e6 2. d4 d5 3. Nc3 Bb4 4. e5 c5 5. a3 Bxc3+ 6. bxc3 Ne7 7. Qg4 O-O 8. Bd3
f5 9. exf6 Rxf6 10. Qh5 h6 11. g4 c4 12. g5 g6 13. Qxh6 Rf7 14. Bxg6 Rg7 15. Bh5
Rh7 16. Nf3 Nbc6 17. Rg1 Bd7 18. Bg4 Rxh6 19. gxh6 Kh8 20. Bg5 Qf8 21. O-O-O Nf5
22. Ne5 Be8 23. Rde1 Nce7 24. Nf3 Nxh6 25. Rxe6 Nxg4 26. Rxg4 Ng8 27. Bf4 Ne7
28. Be5+ Kh7 29. Ng5+ Kg8 30. Rh4 Ng6 31. Rxg6+ Bxg6 32. Rh8# 1-0

[Event "Mistrzostwa Woj. Podkarpackiego w szachach na 2017 r."]
[Site "Sedziszow Malopolski, Rzeszow"]
[Date "1899-12-30"]
[Round "3.3"]
[White "Wozniak, Grzegorz"]
[Black "Dzwierzynski, Bartosz"]
[Result "1/2-1/2"]
[WhiteTitle "I"]
[BlackTitle "I"]
[WhiteElo "1753"]
[BlackElo "1752"]

1. d4 d5 2. Nf3 e6 3. e3 c6 4. Bd3 f5 5. Ne5 Nf6 6. Nd2 Bd6 7. Ndf3 O-O 8. O-O
Bd7 9. c4 Be8 10. c5 Bxe5 11. Nxe5 Nbd7 12. f4 Bh5 13. Qe1 Nxe5 14. fxe5 Ne4 15.
Bxe4 fxe4 16. Bd2 Qg5 17. Rf4 Rf5 18. Qh4 Qxh4 19. Rxh4 Be2 20. Rf4 Raf8 21. Re1
Bd3 22. h4 g6 23. g4 R5f7 24. Kg2 h6 25. Kg3 Kg7 26. Ba5 g5 27. hxg5 hxg5 28.
Rxf7+ Rxf7 29. Bd8 Rf3+ 30. Kg2 Kg6 31. b4 a6 32. Be7 1/2-1/2

[Event "Mistrzostwa Woj. Podkarpackiego w szachach na 2017 r."]
[Site "Sedziszow Malopolski, Rzeszow"]
[Date "1899-12-30"]
[Round "3.4"]
[White "Skiba, Krzysztof"]
[Black "Wasik, Roman"]
[Result "1-0"]
[WhiteTitle "I"]
[BlackTitle "II+"]
[WhiteElo "1728"]
[BlackElo "1536"]

1. d4 d6 2. e3 Nf6 3. f4 g6 4. Nf3 Bg7 5. Bd3 O-O 6. O-O c5 7. c3 Qc7 8. Qe2 Be6
9. e4 cxd4 10. cxd4 Bg4 11. Nc3 a6 12. Be3 Nc6 13. Rac1 Qd7 14. h3 Bxf3 15. Qxf3
e5 16. fxe5 dxe5 17. d5 Ne7 18. Rfd1 Nh5 19. g4 Nf6 20. Be2 Ne8 21. d6 Nc6 22.
Nd5 Rb8 23. Nb6 Qe6 24. Bc4 Qf6 25. Qxf6 Nxf6 26. Bd5 Rfd8 27. Bxc6 bxc6 28. Rxc6
Nxe4 29. d7 f5 30. Rc8 Bf6 31. Rdc1 f4 32. Rxb8 fxe3 33. Rxd8+ Bxd8 34. Nd5 e2
35. Re1 Nc5 36. Rxe2 Nxd7 37. Rc2 Kf7 38. Rc6 a5 39. Kg2 g5 40. Kf3 Nf6 41. Nxf6
Bxf6 42. Ke4 Kg6 43. b3 h6 44. Rxf6+ Kxf6 45. Kd5 h5 46. a3 h4 47. b4 a4 48. b5
e4 49. Kxe4 Ke6 50. b6 Kd6 51. Kf5 Kc6 52. Kxg5 Kxb6 53. Kxh4 Kc5 54. g5 Kd5 1-0

[Event "Mistrzostwa Woj. Podkarpackiego w szachach na 2017 r."]
[Site "Sedziszow Malopolski, Rzeszow"]
[Date "1899-12-30"]
[Round "3.5"]
[White "Lach, Mateusz"]
[Black "Soja, Adam"]
[Result "1-0"]
[WhiteTitle "II+"]
[BlackTitle "II+"]
[WhiteElo "1560"]
[BlackElo "1694"]

1. d4 Nf6 2. c4 g6 3. e3 Bg7 4. Nc3 O-O 5. Be2 c6 6. Bd2 d5 7. c5 e5 8. f4 exd4
9. exd4 Re8 10. Nf3 Bf5 11. O-O Qc7 12. Ne5 Nbd7 13. a3 Nf8 14. b4 Ne4 15. g3
Re7 16. Nxe4 Bxe4 17. Bf3 f6 18. Ng4 Rae8 19. Nf2 f5 20. Bxe4 dxe4 21. Be3 Rd7
22. Rc1 Ne6 23. Rc4 Rd5 24. Qb3 Kf8 25. Rd1 Qd7 26. Qb2 Rd8 27. Kg2 Nxd4 28. Qa2
Nb5 29. Re1 Bd4 30. Bxd4 Nxd4 31. Qb2 Qg7 32. Rb1 Ne6 33. Qxg7+ Kxg7 34. Rb2 e3
35. Re2 exf2 36. Rxe6 Rd2 37. Kf1 Ra2 38. Re2 Rdd2 39. Rxd2 Rxd2 40. Rc3 Ra2 41.
Rd3 Kf8 42. Rd7 Rxa3 43. Rxb7 Ra2 44. Rxh7 Rb2 45. Rxa7 Rxb4 46. Ra6 Rb5 47. Rxc6
Kf7 48. Kxf2 Kg7 49. Rc8 Kf6 50. c6 Ke7 51. Rg8 Kf7 52. c7 1-0

[Event "Mistrzostwa Woj. Podkarpackiego w szachach na 2017 r."]
[Site "Sedziszow Malopolski, Rzeszow"]
[Date "1899-12-30"]
[Round "4.1"]
[White "Kasperek, Ryszard"]
[Black "Marszalek, Maciej"]
[Result "0-1"]
[WhiteTitle "m"]
[BlackTitle "m"]
[WhiteElo "2120"]
[BlackElo "2296"]

1. e4 g6 2. d4 Bg7 3. Nc3 d6 4. f4 Nf6 5. Nf3 O-O 6. Be3 Na6 7. Qd2 c5 8. O-O-O
Qa5 9. Kb1 Be6 10. d5 Bg4 11. f5 b5 12. Ne2 Qxd2 13. Nxd2 gxf5 14. Re1 fxe4 15.
c4 bxc4 16. Nc3 Nb4 17. Bxc4 Bf5 18. h3 Nd3 19. Bxd3 exd3 20. g4 Bg6 21. Rhg1
Rab8 22. Kc1 Rxb2 23. Kxb2 Nxd5 24. Kb3 Nxc3 0-1

[Event "Mistrzostwa Woj. Podkarpackiego w szachach na 2017 r."]
[Site "Sedziszow Malopolski, Rzeszow"]
[Date "1899-12-30"]
[Round "4.2"]
[White "Dzwierzynski, Bartosz"]
[Black "Pulik, Krzysztof"]
[Result "1-0"]
[WhiteTitle "I"]
[BlackTitle "k"]
[WhiteElo "1752"]
[BlackElo "2149"]

1. d4 d5 2. c4 e6 3. Nc3 c5 4. cxd5 exd5 5. Nf3 Nc6 6. Bf4 Nf6 7. e3 c4 8. Be2
Bb4 9. O-O O-O 10. Ne5 Bxc3 11. bxc3 Ne4 12. Qc2 Nxe5 13. Bxe5 Bf5 14. Qb2 f6
15. Bg3 Rf7 16. Bf3 Rd7 17. Bxe4 Bxe4 18. Rfe1 f5 19. Be5 Qa5 20. Re2 Rc8 21.
Qc1 Rc6 22. f3 Bd3 23. Rb2 Qa3 24. Rb4 Ra6 25. Qd2 Ra4 26. Rxa4 Qxa4 27. Qb2 Kf7
28. h3 b5 29. g4 a5 30. gxf5 Bxf5 31. e4 Bg6 32. Qg2 Kf8 33. Qg4 b4 34. Qe6 Bf7
35. Qf5 Kg8 36. Kh1 Qc6 37. Rg1 Bg6 38. exd5 Qxd5 39. Qg4 Rf7 40. Kg2 bxc3 41.
h4 Rxf3 42. Kh2 Rf2+ 43. Rg2 Rxg2+ 44. Qxg2 Qd7 45. Qa8+ Kf7 46. Qxa5 c2 47. Bf4
Qxd4 48. Qc7+ Ke6 49. Qc8+ Kf6 50. Bg5+ Ke5 51. Qf8 Qd7 52. Qc5+ Qd5 53. Qf8 Qd6
54. Bf4+ 1-0

[Event "Mistrzostwa Woj. Podkarpackiego w szachach na 2017 r."]
[Site "Sedziszow Malopolski, Rzeszow"]
[Date "1899-12-30"]
[Round "4.3"]
[White "Lach, Tomasz"]
[Black "Lach, Mateusz"]
[Result "1/2-1/2"]
[WhiteTitle "I"]
[BlackTitle "II+"]
[WhiteElo "1777"]
[BlackElo "1560"]

1. e4 e6 2. d4 d5 3. exd5 exd5 4. Bd3 Nf6 5. Bf4 Bd6 6. Qe2+ Be7 7. h3 O-O 8. Nf3
Bd6 9. Ne5 Re8 10. O-O Nc6 11. c3 g6 12. Nxc6 bxc6 13. Qf3 Bxf4 14. Qxf4 Qd6 15.
Qxd6 cxd6 16. Nd2 Bd7 17. Rfe1 c5 18. Kf1 Kf8 19. Rxe8+ Kxe8 20. Re1+ Kf8 21.
b4 c4 22. Bb1 a5 23. a3 axb4 24. axb4 Ra3 25. Rc1 Kg7 26. Ke2 Nh5 27. Kf3 f5 28.
g3 Nf6 29. Kg2 Ne4 30. Bxe4 fxe4 31. Nf1 Kf6 32. Ne3 Ke6 33. g4 Bb5 34. Kg3 h6
35. f3 Ra2 36. Rc2 Ra1 37. Ng2 Bc6 38. Nf4+ Kf6 39. Ne2 Rd1 1/2-1/2

[Event "Mistrzostwa Woj. Podkarpackiego w szachach na 2017 r."]
[Site "Sedziszow Malopolski, Rzeszow"]
[Date "1899-12-30"]
[Round "4.4"]
[White "Nowakowski, Jacek"]
[Black "Skiba, Krzysztof"]
[Result "0-1"]
[WhiteTitle "II+"]
[BlackTitle "I"]
[WhiteElo "1623"]
[BlackElo "1728"]

1. c4 e6 2. e3 d5 3. Nc3 c6 4. Nf3 f5 5. b3 Nf6 6. Bb2 Bd6 7. Bd3 O-O 8. Ne2 Qe7
9. Ng3 Nbd7 10. cxd5 cxd5 11. Rc1 Nc5 12. Bb1 Nce4 13. Nxe4 fxe4 14. Ne5 Bd7 15.
Nxd7 Nxd7 16. Qg4 Ne5 17. Bxe5 Bxe5 18. O-O Qd6 19. h3 Rf6 20. d3 exd3 21. Bxd3
Raf8 22. Rc2 g6 23. f4 Qb6 24. Qe2 Bxf4 25. Rf3 Bg5 26. Kf2 e5 27. Kg1 0-1

[Event "Mistrzostwa Woj. Podkarpackiego w szachach na 2017 r."]
[Site "Sedziszow Malopolski, Rzeszow"]
[Date "1899-12-30"]
[Round "4.5"]
[White "Gluch, Pawel"]
[Black "Oklejewicz, Krzysztof"]
[Result "0-1"]
[WhiteTitle "II+"]
[BlackTitle "I"]
[WhiteElo "1487"]
[BlackElo "1662"]

1. c4 f5 2. Nf3 Nf6 3. Nc3 g6 4. g3 Bg7 5. Bg2 d6 6. d4 O-O 7. Qb3 c6 8. c5+ d5
9. Ne5 e6 10. O-O Nbd7 11. Nf3 h6 12. h4 Qe8 13. Bf4 Ne4 14. Nxe4 fxe4 15. Ne5
Nxe5 16. dxe5 Qe7 17. Qe3 Kh7 18. f3 exf3 19. exf3 Bd7 20. b4 a6 21. Bh3 Rg8 22.
Kg2 Rh8 23. Qd3 Qf7 24. h5 Raf8 25. Bg4 Rfg8 26. Qxg6+ Qxg6 27. hxg6+ Kxg6 28.
Rh1 h5 29. Bh3 h4 30. Bg4 hxg3 31. Kxg3 Kf7 32. Kg2 Be8 33. Rxh8 Bxh8 34. Rh1
Bg7 35. Kf2 Rh8 36. Rxh8 Bxh8 37. Kg3 Bg7 38. Kh4 Ke7 39. Bg5+ Kd7 40. f4 Bg6
41. Kg3 Be4 42. Kf2 a5 43. bxa5 Bf8 44. Ke3 Bxc5+ 45. Kd2 Bb4+ 46. Ke2 Bxa5 47.
Bh4 c5 48. Bf2 d4 49. Kd1 Bc3 50. Bh3 b5 51. Bf1 Kc6 52. Bh3 Kd5 53. Kc1 d3 54.
Bf1 c4 55. Kd1 Bf3+ 56. Kc1 d2+ 0-1

[Event "Mistrzostwa Woj. Podkarpackiego w szachach na 2017 r."]
[Site "Sedziszow Malopolski, Rzeszow"]
[Date "1899-12-30"]
[Round "5.1"]
[White "Marszalek, Maciej"]
[Black "Dzwierzynski, Bartosz"]
[Result "1-0"]
[WhiteTitle "m"]
[BlackTitle "I"]
[WhiteElo "2296"]
[BlackElo "1752"]

1. d4 Nf6 2. c4 g6 3. Nc3 d5 4. cxd5 Nxd5 5. g3 Bg7 6. Bg2 Nxc3 7. bxc3 c5 8. e3
Nc6 9. Ne2 O-O 10. O-O Bg4 11. h3 Bd7 12. a4 Na5 13. Ba3 cxd4 14. cxd4 Bc6 15.
Bxc6 Nxc6 16. Rc1 Qd7 17. d5 Na5 18. Bb4 b6 19. Bxa5 bxa5 20. h4 Rfc8 21. Rxc8+
Rxc8 22. Qb3 Be5 23. Rc1 Rb8 24. Qc4 Rb4 25. Qc6 Qg4 26. Nf4 Bxf4 27. exf4 Rxf4
28. Qe8+ Kg7 29. Qxe7 Rf3 30. Qe5+ Rf6 31. Rc6 Qd1+ 32. Kh2 Qf3 33. Rxf6 Qxf6
34. f4 h6 35. g4 g5 36. Qxf6+ Kxf6 37. fxg5+ 1-0

[Event "Mistrzostwa Woj. Podkarpackiego w szachach na 2017 r."]
[Site "Sedziszow Malopolski, Rzeszow"]
[Date "1899-12-30"]
[Round "5.2"]
[White "Skiba, Krzysztof"]
[Black "Kasperek, Ryszard"]
[Result "0-1"]
[WhiteTitle "I"]
[BlackTitle "m"]
[WhiteElo "1728"]
[BlackElo "2120"]

1. d4 Nf6 2. e3 g6 3. Bd3 Bg7 4. f4 c5 5. c3 d6 6. Nf3 O-O 7. O-O Nc6 8. Qe2 e5
9. dxe5 dxe5 10. e4 exf4 11. Bxf4 Nh5 12. Bg5 Qc7 13. Nbd2 Nf4 14. Bxf4 Qxf4 15.
Qf2 Be6 16. Bb5 Rac8 17. Qe2 Bh6 18. Kh1 Rfe8 19. Bxc6 Rxc6 20. Rad1 Rd6 21. Qb5
Red8 22. Nd4 cxd4 23. Rxf4 dxc3 24. bxc3 Bxf4 25. Rf1 Rxd2 26. Rxf4 Rd1+ 27. Rf1
Rxf1+ 28. Qxf1 Bg4 0-1

[Event "Mistrzostwa Woj. Podkarpackiego w szachach na 2017 r."]
[Site "Sedziszow Malopolski, Rzeszow"]
[Date "1899-12-30"]
[Round "5.3"]
[White "Oklejewicz, Krzysztof"]
[Black "Lach, Mateusz"]
[Result "1-0"]
[WhiteTitle "I"]
[BlackTitle "II+"]
[WhiteElo "1662"]
[BlackElo "1560"]

1. g3 e6 2. Bg2 d5 3. c4 c6 4. cxd5 exd5 5. Nf3 Nf6 6. O-O Bd6 7. d4 Bf5 8. Nc3
O-O 9. Nh4 Bg6 10. Nxg6 hxg6 11. Bg5 Nbd7 12. Qc2 Qb6 13. Bxf6 Nxf6 14. e3 Rfe8
15. b3 Kf8 16. Qd3 a6 17. Rac1 Bb4 18. Na4 Qb5 19. Rfd1 Qxd3 20. Rxd3 g5 21. h3
Nd7 22. Bf3 g6 23. Kg2 Kg7 24. Nc5 Bxc5 25. dxc5 f5 26. Rd4 a5 27. a3 Kf6 28.
Rc2 Rh8 29. b4 axb4 30. axb4 Ra4 31. Bxd5 cxd5 32. Rxd5 Ke7 33. b5 Rc8 34. c6
bxc6 35. bxc6 Nf6 36. Rb5 Rc7 37. g4 fxg4 38. Rxg5 Kf7 39. Rb5 gxh3+ 40. Kxh3
Ra6 41. Rb7 Rxb7 42. cxb7 Rb6 43. Rc7+ Ke6 44. Rc6+ Rxc6 45. b8=Q Rd6 46. Kg2
Rd7 47. f4 Ke7 48. Kf3 Kf7 49. Qb3+ Kg7 50. e4 Re7 51. e5 Nh5 52. Qc3 Kf7 53.
Kg4 Ng7 54. Qc4+ Re6 55. Qd5 Nf5 56. Kg5 Ng7 57. Qd7+ Re7 58. Qd6 Ne6+ 59. Kg4
Ng7 60. Qf6+ Ke8 61. Qxg6+ Kf8 62. f5 Ne8 63. Qh6+ Kg8 64. Kf4 Nc7 65. Qd6 Rg7
66. e6 Ne8 67. Qd8 Kf8 68. Ke5 Rh7 69. Qg5 Ra7 70. Qh6+ Kg8 71. f6 Nd6 72. Qg5+
Kh7 73. Kxd6 Ra6+ 74. Kc7 Ra8 1-0

[Event "Mistrzostwa Woj. Podkarpackiego w szachach na 2017 r."]
[Site "Sedziszow Malopolski, Rzeszow"]
[Date "1899-12-30"]
[Round "5.4"]
[White "Nowakowski, Jacek"]
[Black "Lach, Tomasz"]
[Result "0-1"]
[WhiteTitle "II+"]
[BlackTitle "I"]
[WhiteElo "1623"]
[BlackElo "1777"]

1. c4 c6 2. Nf3 d5 3. e3 Nf6 4. Nc3 a6 5. b3 Bg4 6. Be2 Nbd7 7. cxd5 cxd5 8. Bb2
e6 9. Nd4 Bxe2 10. Ndxe2 Bd6 11. O-O O-O 12. f4 Rc8 13. Ng3 Bc5 14. Nce2 Re8 15.
a3 Qe7 16. b4 Bd6 17. Nd4 Nb6 18. d3 Rc7 19. Qb3 Qd7 20. Rac1 Rec8 21. Rxc7 Rxc7
22. Nf3 Qa4 23. Qxa4 Nxa4 24. Bd4 Nd7 25. Ne5 Nb8 26. Ne2 f6 27. Nf3 Nc6 28. Rc1
Kf7 29. Bc5 Ke7 30. Kf2 b6 31. Bxd6+ Kxd6 32. g4 Nb2 33. Ne1 Na7 34. Rxc7 Kxc7
35. Nd4 Kd6 36. Ke2 g6 37. Ndf3 Nb5 38. Nc2 Na4 39. Nd2 Nac3+ 40. Kf3 e5 41. fxe5+
fxe5 42. g5 Nc7 43. e4 Ne6 44. h4 Nf4 45. d4 Ne6 46. dxe5+ Kxe5 47. exd5 Kxd5
48. Kg4 Ne4 49. Nxe4 Kxe4 50. h5 Kd3 51. Ne1+ Kc3 52. hxg6 hxg6 53. Ng2 Kb3 54.
Nf4 Nxf4 55. Kxf4 Kxa3 56. Ke5 Kxb4 57. Kf6 a5 58. Kxg6 a4 59. Kf5 a3 60. g6 a2
61. g7 a1=Q 62. g8=Q Qf1+ 63. Ke5 Qe2+ 64. Kd6 Qc4 65. Qg7 Qc5+ 66. Ke6 Qc6+ 67.
Kf5 Qd5+ 68. Kf4 b5 69. Qb2+ Qb3 70. Qd2+ Ka4 71. Qd7 Ka3 72. Qd6+ Qb4+ 0-1

[Event "Mistrzostwa Woj. Podkarpackiego w szachach na 2017 r."]
[Site "Sedziszow Malopolski, Rzeszow"]
[Date "1899-12-30"]
[Round "5.5"]
[White "Pulik, Krzysztof"]
[Black "Wasik, Roman"]
[Result "1-0"]
[WhiteTitle "k"]
[BlackTitle "II+"]
[WhiteElo "2149"]
[BlackElo "1536"]

1. e4 c5 2. c3 e6 3. d4 d5 4. exd5 exd5 5. Nf3 Nc6 6. Bb5 a6 7. Bxc6+ bxc6 8. O-O
Nf6 9. Re1+ Ne4 10. Ne5 cxd4 11. f3 Bd6 12. fxe4 Bxe5 13. exd5 f6 14. cxd4 Qb6
15. Kh1 O-O 16. dxe5 cxd5 17. Qxd5+ Be6 18. Qd6 Rab8 19. Qxb6 Rxb6 20. exf6 Rxf6
21. Be3 Rb5 22. Bd4 Rg6 23. Kg1 Bd5 24. g3 Rb4 25. Bc3 Rbg4 26. Re8+ Kf7 27. Re5
Bc4 28. Nd2 Bb5 29. Rae1 h6 30. R1e4 R4g5 31. Nf3 Rg4 32. Rxg4 Rxg4 33. Rxb5 1-0